LEADER 03149 am 2200493 n 450 001 9910619501103321 005 20240104030732.0 010 $a2-940599-70-X 024 7 $a10.4000/books.contrechamps.4115 035 $a(CKB)4100000012897333 035 $a(FrMaCLE)OB-contrechamps-4115 035 $a(PPN)265625424 035 $a(EXLCZ)994100000012897333 100 $a20221025j|||||||| ||| 0 101 0 $afre 135 $auu||||||m|||| 200 03$aLa Fonction de la couleur dans la musique$eTimbre, musique et peinture, Wagner, Strauss et autres essais$fTheodor W. Adorno 210 $aGenève$cÉditions Contrechamps$d2021 215 $a1 online resource (356 p.) 311 $a2-940068-63-1 330 $aLe fil conducteur de ce volume d?écrits de Theodor W. Adorno est la couleur (Farbe), qui renvoie musicalement à la sonorité, au timbre (Klangfarbe). Il faut l?entendre à la fois comme ce qui lie la musique aux images, à la peinture, et comme une problématique compositionnelle apparue au xixe siècle et devenue centrale au xxe. D?un côté, la possible conjonction entre les arts, au risque de l?illustration ; de l?autre, le timbre comme un élément constructif, au même titre que les structures thématiques ou harmoniques. On comprend dès lors que Wagner occupe une place importante dans la réflexion adornienne, ayant revendiqué la réunion des arts dans le Gesamkunstwerk tout en développant le rôle des couleurs instrumentales dans son écriture orchestrale. Chez Richard Strauss, antithèse de Schönberg, les aspects progressistes et régressifs d?un tel héritage sont inextricablement mêlés. Dans les textes ici réunis, Adorno réfléchit à cette émancipation du timbre qui fut au c?ur de la pensée sérielle de l?après-guerre, et que Ligeti, dans Atmosphères, poussa à son extrême ; il insiste sur la nécessité de questionner ce qui en elle n?est qu?apparence au profit d?une fonctionnalité nouvelle. C?est notamment le propos des cours prononcés à Darmstadt en 1966 et qui ont donné leur titre à ce recueil. Si certains des textes de ce volume ont fait l?objet d?une traduction aujourd?hui introuvable, la plupart sont inédits en français. Cet ouvrage fait suite à la publication par Contrechamps de trois autres livres d?Adorno : Introduction à la sociologie de la musique, Figures sonores (Écrits musicaux I) et Moments musicaux. 606 $aMusic 606 $amusicologie 606 $acouleur 606 $arythme 606 $aEcole de Francfort 606 $aRichard Wagner 606 $aRichard Strauss 615 4$aMusic 615 4$amusicologie 615 4$acouleur 615 4$arythme 615 4$aEcole de Francfort 615 4$aRichard Wagner 615 4$aRichard Strauss 700 $aAdorno$b Theodor W$033732 701 $aAlbèra$b Philippe$0706715 701 $aBoussahel$b Sofiane$01458388 701 $aSzendy$b Peter$0625456 801 0$bFR-FrMaCLE 906 $aBOOK 912 $a9910619501103321 996 $aLa Fonction de la couleur dans la musique$93658268 997 $aUNINA